Bad Bunny - X 100PRE Album - Statistics

General Stats
  • This quiz has been taken 113 times
  • The average score is 11 of 15
Answer Stats
# Track Name % Correct
6 Otra Noche en Miami
92%
2 200 Mph
82%
11 La Romana
82%
15 MIA
82%
1 NI BIEN NI MAL
82%
8 Si Estuviésemos Juntos
77%
4 Caro
76%
13 RLNDT
74%
14 Estamos Bien
73%
12 Como Antes
71%
5 Tenemos Que Hablar
69%
9 Solo de Mí
66%
10 Cuando Perriabas
63%
7 Ser Bichote
60%
3 ¿Quién Tú Eres?
50%
No matching quizzes found
Score Distribution
Percent of People with Each Score
Percentile by Number Answered
Your Score History
You have not taken this quiz